Missing Word: 1997 Movies Quiz Stats

 Plays Quiz Updated Sep 13, 2012

Support Sporcle.
Go Orange.
Score 0/20 Timer 04:00
0 Plays Today
Hint Answer % Correct
Men in _______Black
97.2%
Good _____ HuntingWill
95.3%
Tomorrow ______ DiesNever
93.3%
My Best Friend's ________Wedding
89.4%
______ LiarLiar
89.3%
Conspiracy ______Theory
81.4%
______ ConfidentialL.A.
81.4%
The ______ ElementFifth
81.2%
The Full _______Monty
79%
Wag the ______Dog
75.2%
Hint Answer % Correct
_____/OffFace
73.8%
______ AirCon
67.2%
The _______ AdvocateDevil's
63.4%
Seven Years in _______Tibet
63.3%
Life Is _______Beautiful
51.3%
________ AmyChasing
51.1%
______ NightsBoogie
48.6%
Alien: ________Resurrection
41.4%
________ MononokePrincess
35.1%
______ FoodSoul
18.9%

Today's Daily Dose

From the Vault

Friends Titles: Tom Hanks

by chaosBEE

Movies 6m
We hope you had a nice Hanksgiving.
Remove Ads.
Support Sporcle.
Get the best of Sporcle when you Go Orange. This ad-free experience offers more features, more stats, and more fun while also helping to support Sporcle. Thank you for becoming a member.

Show Comments

Extras

Top Quizzes Today


Score Distribution

Your Account Isn't Verified!

In order to create a playlist on Sporcle, you need to verify the email address you used during registration. Go to your Sporcle Settings to finish the process.

Report this User

Report this user for behavior that violates our Community Guidelines.

Details: